[Event "XVI Autunno Scacchistico A"]
[Site "Venezia ITA"]
[Date "2010.10.30"]
[Round "1"]
[White "Aleksic, Nenad"]
[Black "Gouillart, Sylvain"]
[Result "1-0"]
[WhiteElo "2359"]
[BlackElo "1929"]
[PlyCount "89"]
[EventDate "2010.10.30"]

1. e4 Nf6 2. d3 e5 3. Nf3 Nc6 4. c3 d5 5. Qc2 a5 6. Be2 Bc5 7. O-O h6 8. Nbd2
O-O 9. b3 Bg4 10. Bb2 Re8 11. a3 Qc8 12. Rfe1 dxe4 13. dxe4 Nh5 14. b4 Bd6 15.
Nc4 Nf4 16. Ne3 Ne7 17. g3 Nxe2+ 18. Qxe2 Ng6 19. Nxg4 Qxg4 20. Nd2 Qh3 21. Nc4
Re6 22. f3 a4 23. Rad1 Be7 24. Ne3 c6 25. c4 b6 26. Rd3 Bg5 27. Nf5 Ne7 28. Qg2
Qxg2+ 29. Kxg2 Re8 30. Nd6 Rd8 31. Red1 Nc8 32. Nf5 Rxd3 33. Rxd3 Bf6 34. f4
Ne7 35. Nxe7+ Rxe7 36. Rd8+ Kh7 37. Kf3 Re6 38. Rd7 Kg8 39. fxe5 Bxe5 40. Bxe5
Rxe5 41. Rd8+ Kh7 42. Rd6 f5 43. exf5 Rxf5+ 44. Ke4 Rf2 45. Rxc6 1-0

[Event "XVI Autunno Scacchistico A"]
[Site "Venezia ITA"]
[Date "2010.10.30"]
[Round "1"]
[White "Biagioli, Valerio"]
[Black "Santolini, Luigi"]
[Result "0-1"]
[WhiteElo "1919"]
[BlackElo "2235"]
[PlyCount "88"]
[EventDate "2010.10.30"]

1. d4 Nf6 2. c4 g6 3. Nc3 Bg7 4. e4 d6 5. Bd3 O-O 6. Nge2 e5 7. d5 Nbd7 8. O-O
Nc5 9. Bc2 a5 10. Be3 b6 11. h3 Bd7 12. f4 exf4 13. Nxf4 Nfxe4 14. Nxe4 Nxe4
15. Bxe4 Qe7 16. Ne6 fxe6 17. dxe6 Rxf1+ 18. Qxf1 Rf8 19. Qd3 Bxe6 20. Re1 Qh4
21. Re2 Be5 22. Bd4 Bxd4+ 23. Qxd4 Qf6 24. Qxf6 Rxf6 25. b3 Kg7 26. h4 Bg4 27.
Re3 Re6 28. Kf2 Kf6 29. a3 Bf5 30. Kf3 Bxe4+ 31. Rxe4 Rxe4 32. Kxe4 Ke6 33. g4
h6 34. b4 c6 35. Kd4 d5 36. b5 c5+ 37. Kd3 dxc4+ 38. Kxc4 Ke5 39. h5 g5 40. a4
Ke4 41. Kc3 Kf4 42. Kc4 Kxg4 43. Kd5 Kxh5 44. Kc6 c4 0-1

[Event "XVI Autunno Scacchistico A"]
[Site "Venezia ITA"]
[Date "2010.10.30"]
[Round "1"]
[White "Bonan, Yves"]
[Black "Capaliku, Aleks"]
[Result "1/2-1/2"]
[WhiteElo "1872"]
[BlackElo "2088"]
[PlyCount "39"]
[EventDate "2010.10.30"]

1. Nf3 e6 2. g3 b6 3. Bg2 Bb7 4. d4 f5 5. Bg5 Nf6 6. O-O h6 7. Bxf6 Qxf6 8. c4
a5 9. Nc3 Bb4 10. a3 Bxc3 11. bxc3 d6 12. Nh4 Bxg2 13. Nxg2 e5 14. Qa4+ Kf7 15.
Ne3 Re8 16. c5 dxc5 17. dxc5 Qe6 18. Rfd1 Na6 19. cxb6 cxb6 20. Qd7+ 1/2-1/2

[Event "XVI Autunno Scacchistico A"]
[Site "Venezia ITA"]
[Date "2010.10.30"]
[Round "1"]
[White "Bortolussi, Andrea"]
[Black "Militello, Michele"]
[Result "1-0"]
[WhiteElo "1951"]
[BlackElo "1814"]
[PlyCount "53"]
[EventDate "2010.10.30"]

1. e4 d6 2. d4 Nf6 3. Bd3 e5 4. c3 c6 5. f4 Qc7 6. Nf3 Bg4 7. O-O Nbd7 8. h3
Bxf3 9. Qxf3 Be7 10. Be3 g6 11. Nd2 h5 12. Nc4 b5 13. Nxd6+ Bxd6 14. fxe5 Nxe5
15. Qxf6 Rh7 16. dxe5 Bxe5 17. Qf3 f6 18. Bd4 Rd8 19. Bxe5 Qxe5 20. Rad1 Rhd7
21. Bc2 Rd2 22. Bb3 Qg5 23. Rxd2 Rxd2 24. e5 fxe5 25. Qxc6+ Kd8 26. Rf8+ Ke7
27. Re8# 1-0

[Event "XVI Autunno Scacchistico A"]
[Site "Venezia ITA"]
[Date "2010.10.30"]
[Round "1"]
[White "Buchicchio, Giancarlo"]
[Black "Rostolis, Riccardo"]
[Result "1-0"]
[WhiteElo "2095"]
[BlackElo "1875"]
[PlyCount "61"]
[EventDate "2010.10.30"]

1. e4 d5 2. d4 dxe4 3. Nc3 Nf6 4. Bc4 Bg4 5. f3 exf3 6. Nxf3 e6 7. Bg5 Be7 8.
Qe2 h6 9. Bxf6 Bxf6 10. O-O-O Nd7 11. Ne4 Qe7 12. h3 Bf5 13. g4 Bxe4 14. Qxe4
O-O-O 15. Rhe1 Qb4 16. Bb3 Nb6 17. Ne5 Bxe5 18. Qxe5 Rhg8 19. Rf1 Nd7 20. Qh5
g6 21. Qxh6 Qe7 22. Rf3 Rh8 23. Qf4 f5 24. Re1 Nf8 25. gxf5 gxf5 26. d5 Ng6 27.
Qe3 f4 28. Qxa7 Qb4 29. Rxe6 Rhe8 30. Qa8+ Kd7 31. Qa4+ 1-0

[Event "XVI Autunno Scacchistico A"]
[Site "Venezia ITA"]
[Date "2010.10.30"]
[Round "1"]
[White "Buzio, Alberto"]
[Black "Redo, Giorgio"]
[Result "0-1"]
[WhiteElo "1875"]
[BlackElo "2115"]
[PlyCount "96"]
[EventDate "2010.10.30"]

1. e4 c5 2. Nf3 Nc6 3. d4 cxd4 4. Nxd4 Nf6 5. Nc3 e5 6. Nde2 Bc5 7. Ng3 Qb6 8.
Qd2 d6 9. Bb5 O-O 10. Bxc6 bxc6 11. O-O Ba6 12. Na4 Qb4 13. Qxb4 Bxb4 14. Rd1
d5 15. a3 Bd6 16. Bg5 d4 17. b3 Rfe8 18. h4 Nd7 19. Nf5 Bf8 20. Nb2 Nc5 21. Ng3
Ne6 22. f3 f6 23. Bd2 g6 24. Nd3 Bd6 25. Nb4 Bb5 26. a4 Bxb4 27. Bxb4 Ba6 28.
Bd2 Rab8 29. b4 Bc4 30. h5 a6 31. hxg6 hxg6 32. Kf2 Kf7 33. Ne2 c5 34. Rh1 cxb4
35. Rh7+ Ng7 36. a5 d3 37. cxd3 Bxd3 38. Rc1 Kg8 39. Rch1 Bxe2 40. Rh8+ Kf7 41.
Rxe8 Nxe8 42. Kxe2 Rb5 43. Rh7+ Ke6 44. Ra7 Nd6 45. Kd1 b3 46. Kc1 b2+ 47. Kb1
Nc4 48. Rxa6+ Kd7 0-1

[Event "XVI Autunno Scacchistico A"]
[Site "Venezia ITA"]
[Date "2010.10.30"]
[Round "1"]
[White "Campagnola, Giacomo"]
[Black "Sorbera, Giovanni"]
[Result "0-1"]
[WhiteElo "1852"]
[BlackElo "2057"]
[PlyCount "66"]
[EventDate "2010.10.30"]

1. e4 Nf6 2. e5 Nd5 3. d4 d6 4. exd6 exd6 5. c4 Nb6 6. Nc3 c6 7. Nf3 Be7 8. Bd3
Bg4 9. O-O O-O 10. Be3 Na6 11. a3 d5 12. cxd5 Nxd5 13. Nxd5 Qxd5 14. Be2 Nc7
15. Qc2 Bf6 16. Rad1 Rad8 17. Rd2 Rfe8 18. Rfd1 Qd6 19. h3 Bh5 20. Nh2 Bg6 21.
Bd3 Nd5 22. Bxg6 fxg6 23. Ng4 Re6 24. Nxf6+ gxf6 25. Rd3 Rde8 26. Qc1 f5 27.
Bg5 Re2 28. R3d2 R2e4 29. f3 R4e6 30. Kf2 f4 31. Bh4 Ne3 32. Re1 Nf5 33. Rxe6
Qxe6 0-1

[Event "XVI Autunno Scacchistico A"]
[Site "Venezia ITA"]
[Date "2010.10.30"]
[Round "1"]
[White "Ceschia, Ivano"]
[Black "Battagin, Mose'"]
[Result "1-0"]
[WhiteElo "2251"]
[BlackElo "1924"]
[PlyCount "49"]
[EventDate "2010.10.30"]

1. e4 d6 2. d4 Nf6 3. Nc3 g6 4. f3 c6 5. Be3 b5 6. Qd2 Nbd7 7. Bd3 Nb6 8. b3
Qc7 9. a4 b4 10. Nd1 a5 11. Rc1 Be6 12. Ne2 Bg7 13. c4 c5 14. Nf4 Bd7 15. Nd5
Qc6 16. Nxf6+ Bxf6 17. dxc5 dxc5 18. e5 Bxe5 19. Be4 Qc7 20. Bxa8 Nxa8 21. f4
Bd6 22. Nf2 Bc6 23. Nd3 Bb7 24. Qf2 Qc6 25. O-O 1-0

[Event "XVI Autunno Scacchistico A"]
[Site "Venezia ITA"]
[Date "2010.10.30"]
[Round "1"]
[White "De Nisi, Roberta"]
[Black "Kizov, Atanas"]
[Result "0-1"]
[WhiteElo "1931"]
[BlackElo "2389"]
[PlyCount "80"]
[EventDate "2010.10.30"]

1. d4 Nf6 2. c4 g6 3. Nc3 Bg7 4. e4 d6 5. f3 O-O 6. Be3 a6 7. Qd2 c6 8. Nge2 b5
9. cxb5 axb5 10. b4 Nbd7 11. Ng3 Nb6 12. Be2 Be6 13. O-O Bc4 14. Bh6 Bxe2 15.
Ngxe2 Nc4 16. Qc1 Bxh6 17. Qxh6 Ra3 18. Qc1 Qb6 19. Kh1 Rfa8 20. h3 e5 21. Rd1
Nh5 22. dxe5 dxe5 23. Rd7 Qf2 24. Qg5 Kg7 25. Qe7 Rf8 26. Rad1 Raa8 27. Rc7
Rxa2 28. Nxa2 Qxe2 29. Nc3 Qc2 30. Rd8 Rxd8 31. Qxf7+ Kh6 32. Qxh7+ Kg5 33.
Qe7+ Kf4 34. Qxd8 Qxc3 35. Qd1 Ng3+ 36. Kh2 Nh5 37. Rxc6 Ke3 38. Rxg6 Nf4 39.
Kh1 Ne2 40. h4 Kf2 0-1

[Event "XVI Autunno Scacchistico A"]
[Site "Venezia ITA"]
[Date "2010.10.30"]
[Round "1"]
[White "Di Lascio, Savino"]
[Black "Profumo, Alberto"]
[Result "1-0"]
[WhiteElo "1921"]
[BlackElo "2250"]
[PlyCount "57"]
[EventDate "2010.10.30"]

1. e4 c6 2. d4 d5 3. exd5 cxd5 4. c4 Nf6 5. Nc3 e6 6. Nf3 Bb4 7. Qb3 Nc6 8. Bd2
O-O 9. a3 Bxc3 10. bxc3 Na5 11. Qb4 b6 12. Ne5 Ba6 13. Bg5 Qc7 14. Bxf6 gxf6
15. Ng4 Qf4 16. Ne3 dxc4 17. g3 Qc7 18. Bg2 Bb7 19. Bxb7 Qxb7 20. O-O Rac8 21.
f3 Rfd8 22. Rab1 Qc6 23. Ng4 f5 24. Nh6+ Kg7 25. Qe7 Qc7 26. Qg5+ Kf8 27. Rfe1
Rd7 28. Qg8+ Ke7 29. Qxf7+ 1-0

[Event "XVI Autunno Scacchistico A"]
[Site "Venezia ITA"]
[Date "2010.10.30"]
[Round "1"]
[White "Faccia, Sergio"]
[Black "Zanetto, Marco"]
[Result "1-0"]
[WhiteElo "2060"]
[BlackElo "1854"]
[PlyCount "75"]
[EventDate "2010.10.30"]

1. e4 e6 2. c4 c5 3. Nf3 d6 4. d4 cxd4 5. Nxd4 Nf6 6. Nc3 Nc6 7. Be3 Qa5 8. f3
Be7 9. Be2 O-O 10. O-O a6 11. a3 Nxd4 12. Qxd4 Rd8 13. b4 Qc7 14. Rac1 Bd7 15.
Kh1 Bc6 16. Nd5 exd5 17. cxd5 Qd7 18. dxc6 bxc6 19. Rfd1 a5 20. Qb6 axb4 21.
axb4 Rab8 22. Qxc6 Qxc6 23. Rxc6 Rxb4 24. e5 Ne8 25. exd6 Rxd6 26. Rdxd6 Bxd6
27. Kg1 Rb8 28. Kf2 Bf8 29. Bf4 Rd8 30. Bc4 Nd6 31. Bb3 Nb5 32. Ba2 Ra8 33. Bc4
Ra5 34. Rc8 Na7 35. Rc7 Nb5 36. Bxf7+ Kh8 37. Rc8 g6 38. Be5# 1-0

[Event "XVI Autunno Scacchistico A"]
[Site "Venezia ITA"]
[Date "2010.10.30"]
[Round "1"]
[White "Fracasso Pezzolato, Michele"]
[Black "Maccapan, Fabio"]
[Result "1-0"]
[WhiteElo "1823"]
[BlackElo "2036"]
[PlyCount "41"]
[EventDate "2010.10.30"]

1. e4 c6 2. d4 d5 3. Nc3 dxe4 4. Nxe4 Nd7 5. Bc4 Ngf6 6. Ng5 e6 7. N1f3 Nb6 8.
Bd3 h6 9. Ne4 Nxe4 10. Bxe4 c5 11. c3 cxd4 12. Nxd4 a6 13. O-O Be7 14. Qf3 O-O
15. Bxb7 Bxb7 16. Qxb7 Bc5 17. Nb3 Bd6 18. Qe4 Qc7 19. h3 Rab8 20. Nd4 Nd5 21.
Nxe6 1-0

[Event "XVI Autunno Scacchistico A"]
[Site "Venezia ITA"]
[Date "2010.10.30"]
[Round "1"]
[White "Gallana, Marco"]
[Black "Bonini, Roberto"]
[Result "1-0"]
[WhiteElo "2080"]
[BlackElo "1864"]
[PlyCount "101"]
[EventDate "2010.10.30"]

1. d4 Nf6 2. c4 g6 3. Nc3 Bg7 4. e4 d6 5. f3 b6 6. Be3 Bb7 7. Qd2 c5 8. Nge2
cxd4 9. Nxd4 Nc6 10. Be2 Nxd4 11. Bxd4 O-O 12. O-O Qd7 13. a4 Rfc8 14. a5 Ba6
15. b3 Qd8 16. Ra3 bxa5 17. Rfa1 Bb7 18. Rxa5 Nd7 19. Bxg7 Kxg7 20. Nb5 a6 21.
Nd4 Qb6 22. Kh1 Rc5 23. b4 Rxa5 24. Rxa5 Rc8 25. Nc2 Qf2 26. Qd4+ Qxd4 27. Nxd4
Ne5 28. c5 dxc5 29. bxc5 Nd7 30. Nb3 Nb8 31. Kg1 Nc6 32. Ra1 Ra8 33. Kf2 Kf6
34. f4 e5 35. g3 Nb4 36. Ra4 Nc6 37. Ke3 Ra7 38. Bc4 Ke7 39. Bd5 f6 40. Nd2 Nd8
41. Nc4 Bc6 42. Ra3 exf4+ 43. gxf4 Bb5 44. Nd6 Rc7 45. Kd4 Rd7 46. Rh3 Ne6+ 47.
Bxe6 Kxe6 48. f5+ gxf5 49. exf5+ Ke7 50. Rxh7+ Kd8 51. Rh8+ 1-0

[Event "XVI Autunno Scacchistico A"]
[Site "Venezia ITA"]
[Date "2010.10.30"]
[Round "1"]
[White "Gallo, Enrico"]
[Black "Tamburrini, Pierluigi"]
[Result "1-0"]
[WhiteElo "2127"]
[BlackElo "1881"]
[PlyCount "61"]
[EventDate "2010.10.30"]

1. e4 e6 2. d4 d5 3. Nd2 Nf6 4. e5 Nfd7 5. Bd3 c5 6. c3 Nc6 7. Ne2 Be7 8. O-O
Qc7 9. f4 b6 10. f5 Bb7 11. fxe6 fxe6 12. Nf4 Nf8 13. Qh5+ Kd7 14. Nf3 Qd8 15.
Qg4 g5 16. Nxg5 Bxg5 17. Nxe6 Nxe6 18. Rf7+ Be7 19. Bf5 Kc7 20. Bxe6 Bc8 21.
Be3 c4 22. Raf1 Bxe6 23. Qxe6 Qd7 24. Qh6 Rag8 25. R1f6 Nd8 26. e6 Qe8 27. Qf4+
Kc8 28. Bf2 Nc6 29. Bg3 Qd8 30. Rf5 Rg6 31. Rxd5 1-0

[Event "XVI Autunno Scacchistico A"]
[Site "Venezia ITA"]
[Date "2010.10.30"]
[Round "1"]
[White "Garonzi, Martino"]
[Black "Gandolfi, Attilio"]
[Result "1-0"]
[WhiteElo "2038"]
[BlackElo "1829"]
[PlyCount "73"]
[EventDate "2010.10.30"]

1. e4 e5 2. Nf3 Nc6 3. d4 exd4 4. Nxd4 Qf6 5. Be3 Bc5 6. c3 Nge7 7. Bc4 O-O 8.
O-O Ne5 9. Be2 d6 10. Nd2 N7g6 11. f4 Nd7 12. Qe1 Re8 13. Qf2 Bb6 14. Bd3 Nc5
15. Bc2 Bd7 16. b4 Na4 17. c4 c5 18. Nb5 Bxb5 19. cxb5 Nc3 20. bxc5 dxc5 21. a4
Rac8 22. Ra3 Ba5 23. Bxc5 b6 24. e5 Qd8 25. Bd6 Qd7 26. Ne4 Nxe4 27. Bxe4 Rc3
28. Rxc3 Bxc3 29. Bc6 Qe6 30. Bxe8 Qxe8 31. Rc1 Ba5 32. Qc2 h6 33. Qc8 Qxc8 34.
Rxc8+ Kh7 35. g3 h5 36. f5 Nh8 37. e6 1-0

[Event "XVI Autunno Scacchistico A"]
[Site "Venezia ITA"]
[Date "2010.10.30"]
[Round "1"]
[White "Genocchio, Daniele"]
[Black "Gigovski, Gjoko"]
[Result "1-0"]
[WhiteElo "2449"]
[BlackElo "1932"]
[PlyCount "67"]
[EventDate "2010.10.30"]

1. e4 c6 2. d4 d5 3. exd5 cxd5 4. c4 Nf6 5. Nc3 g6 6. cxd5 Bg7 7. Bb5+ Bd7 8.
Bc4 O-O 9. Nf3 Bf5 10. O-O Nbd7 11. Bg5 Nb6 12. Bxf6 Bxf6 13. Bb3 Bg4 14. Re1
Bxf3 15. Qxf3 Bxd4 16. Rad1 Bxc3 17. Qxc3 Qd6 18. Qe3 Rfe8 19. Rd4 Rad8 20. Re4
Nc8 21. Rf4 Rf8 22. Ra4 Qb6 23. Qf4 Rd6 24. Qh6 Rf6 25. Qd2 h5 26. Rae4 Kg7 27.
Rb4 Rxf2 28. Qc3+ Qf6 29. Qxf6+ Rxf6 30. Rxb7 Rd6 31. Rc1 a6 32. a4 Rfd8 33. a5
Rf6 34. Rb8 1-0

[Event "XVI Autunno Scacchistico A"]
[Site "Venezia ITA"]
[Date "2010.10.30"]
[Round "1"]
[White "Guerra, Alessandro"]
[Black "Castellano, Alfonso"]
[Result "1-0"]
[WhiteElo "2236"]
[BlackElo "1920"]
[PlyCount "59"]
[EventDate "2010.10.30"]

1. e4 c5 2. Nf3 d6 3. Bc4 e6 4. Nc3 Nf6 5. O-O Be7 6. Qe2 O-O 7. e5 Ne8 8. exd6
Nxd6 9. Bb3 Nc6 10. d3 Nf5 11. Ne4 Nfd4 12. Nxd4 Nxd4 13. Qh5 Nxb3 14. axb3 f5
15. Ng5 h6 16. Nf3 Bf6 17. Re1 b6 18. Qg6 Qe8 19. Qg3 Kh7 20. Ne5 Bb7 21. Bd2
g5 22. Nc4 Qc6 23. f3 f4 24. Qg4 Bc8 25. Ne5 Qd6 26. Bc3 b5 27. Qh5 Bxe5 28.
Rxe5 Rg8 29. Qf7+ Rg7 30. Qxg7+ 1-0

[Event "XVI Autunno Scacchistico A"]
[Site "Venezia ITA"]
[Date "2010.10.30"]
[Round "1"]
[White "Lavric, Mihail"]
[Black "Zangrando, Gianpietro"]
[Result "1-0"]
[WhiteElo "2025"]
[BlackElo "1822"]
[PlyCount "103"]
[EventDate "2010.10.30"]

1. d4 e6 2. c4 f5 3. Nc3 Nf6 4. g3 c6 5. Bg2 d5 6. cxd5 exd5 7. Nf3 Bd6 8. e3
Qe7 9. O-O O-O 10. Qc2 Ne4 11. a3 Nd7 12. b3 Ndf6 13. Bb2 Nxc3 14. Qxc3 Ne4 15.
Qc2 Bd7 16. Ne5 Be8 17. f4 Rc8 18. b4 h5 19. Qd1 Rf6 20. Rc1 Rh6 21. b5 Bxa3
22. Bxa3 Qxa3 23. Qe2 Nc3 24. Qd3 Nxb5 25. Qxf5 Qxe3+ 26. Kh1 Nd6 27. Qc2 Rd8
28. Qb2 Nb5 29. Nf3 Qa3 30. Qe2 Bd7 31. Ra1 Qc3 32. Qe7 Re8 33. Qxd7 Rhe6 34.
Ne5 R8e7 35. Qd8+ Re8 36. Qg5 Nd6 37. Qxh5 Rh6 38. Qg4 Qxd4 39. Rad1 Qb4 40.
Nd3 Qc3 41. Ne5 Rf8 42. Rde1 Nf5 43. Nf3 Ne3 44. Rxe3 Qxe3 45. Re1 Qc3 46. h4
a5 47. Re7 Qf6 48. Rxb7 Ra8 49. Ne5 a4 50. Nxc6 Qa1+ 51. Kh2 a3 52. Ne5 1-0

[Event "XVI Autunno Scacchistico A"]
[Site "Venezia ITA"]
[Date "2010.10.30"]
[Round "1"]
[White "Locci, Damiano"]
[Black "Bozzao, Francesco"]
[Result "1-0"]
[WhiteElo "2153"]
[BlackElo "1893"]
[PlyCount "111"]
[EventDate "2010.10.30"]

1. c4 c5 2. Nf3 Nf6 3. Nc3 Nc6 4. d4 cxd4 5. Nxd4 g6 6. e4 d6 7. f3 Bg7 8. Be3
Bd7 9. Be2 O-O 10. Qd2 a6 11. O-O Rb8 12. Rfd1 Re8 13. Rac1 Nxd4 14. Bxd4 b5
15. e5 b4 16. exf6 bxc3 17. Bxc3 Bxf6 18. Bxf6 exf6 19. b3 a5 20. Bf1 Be6 21.
Qxd6 Qxd6 22. Rxd6 a4 23. bxa4 Rb2 24. c5 Rxa2 25. Bb5 Rc8 26. c6 Rc7 27. Rd8+
Kg7 28. Rcd1 Rc2 29. R8d7 Rc8 30. Rb7 Rc5 31. Rd4 Bd5 32. a5 Bxc6 33. Bxc6
R5xc6 34. Rdd7 Rf8 35. Rb6 Rc1+ 36. Kf2 Ra1 37. a6 Ra8 38. Rbb7 R8xa6 39. Rxf7+
Kh6 40. h4 g5 41. Rxh7+ Kg6 42. Rhg7+ Kh6 43. Rh7+ Kg6 44. h5+ Kf5 45. Rhe7
R1a2+ 46. Kg3 Re6 47. Rb5+ Re5 48. Rbxe5+ fxe5 49. Rf7+ Ke6 50. Rf8 Ra4 51. Rg8
Kf5 52. Rf8+ Ke6 53. Kf2 Ra2+ 54. Kg1 Ra4 55. g4 e4 56. Re8+ 1-0

[Event "XVI Autunno Scacchistico A"]
[Site "Venezia ITA"]
[Date "2010.10.30"]
[Round "1"]
[White "Losso, Agostino"]
[Black "Bitossi, Massimo"]
[Result "0-1"]
[WhiteElo "1791"]
[BlackElo "1936"]
[PlyCount "68"]
[EventDate "2010.10.30"]

1. c4 c5 2. g3 Nc6 3. Bg2 g6 4. Nc3 Bg7 5. a3 e5 6. d3 Nge7 7. Nh3 f5 8. O-O
O-O 9. f4 d6 10. Be3 Rb8 11. fxe5 Nxe5 12. Qd2 Ng4 13. Bg5 h6 14. Bxe7 Qxe7 15.
Nd5 Qe5 16. Nhf4 Kh7 17. h3 Nf6 18. Nc3 g5 19. Nfd5 Nxd5 20. Nxd5 Qxg3 21. Rf3
Qe5 22. Re1 Qxb2 23. Qa5 Be6 24. Rff1 Bxd5 25. Bxd5 Qd4+ 26. Kh1 Qh4 27. Kg2 g4
28. Rh1 b6 29. Qd2 Rbe8 30. hxg4 Qxg4+ 31. Kf1 Qg3 32. Bg2 Re3 33. Qc1 Bd4 34.
Rh3 Rf3+ 0-1

[Event "XVI Autunno Scacchistico A"]
[Site "Venezia ITA"]
[Date "2010.10.30"]
[Round "1"]
[White "Omeri, Silvan"]
[Black "Panican, Gheorghe"]
[Result "1-0"]
[WhiteElo "2204"]
[BlackElo "1915"]
[PlyCount "123"]
[EventDate "2010.10.30"]

1. e4 c5 2. Nf3 d6 3. d4 cxd4 4. Nxd4 Nf6 5. Nc3 a6 6. Bg5 e6 7. f4 Be7 8. Qf3
Qc7 9. O-O-O Nbd7 10. Bd3 h6 11. h4 Nb6 12. Bxf6 gxf6 13. f5 e5 14. Nb3 Bd7 15.
Qh5 Rh7 16. Rh3 O-O-O 17. Nd5 Nxd5 18. exd5 Kb8 19. Rg3 Rc8 20. Kb1 Ba4 21. Rg4
Bxb3 22. axb3 Qc5 23. Rc4 Qb6 24. Rxc8+ Kxc8 25. Qg4 Qd8 26. Be2 Kb8 27. Qb4
Ka7 28. Bh5 Qd7 29. Qg4 Qe8 30. Rd3 Bf8 31. Rc3 Rg7 32. Qe4 Kb8 33. g4 Rg8 34.
Qc4 Qd7 35. b4 Bg7 36. b3 Re8 37. Kb2 Bf8 38. Qe4 Rc8 39. Rxc8+ Kxc8 40. c4 Kb8
41. Qe3 Bg7 42. Kc3 Bf8 43. Kd3 Qc7 44. g5 hxg5 45. hxg5 fxg5 46. Qxg5 Ka7 47.
f6 Qd8 48. Bxf7 Kb8 49. Ke4 b5 50. cxb5 Qc8 51. bxa6 Qc2+ 52. Kf3 Qd1+ 53. Kg2
Qe2+ 54. Kg3 Qd3+ 55. Kh4 Qe4+ 56. Qg4 Qh1+ 57. Kg5 Qc1+ 58. Kg6 Qc2+ 59. Qf5
Qh2 60. Bg8 Qh8 61. Kf7 Bh6 62. Qd7 1-0

[Event "XVI Autunno Scacchistico A"]
[Site "Venezia ITA"]
[Date "2010.10.30"]
[Round "1"]
[White "Polese, Marco"]
[Black "Del Monaco, Andrea"]
[Result "0-1"]
[WhiteElo "1925"]
[BlackElo "2277"]
[PlyCount "80"]
[EventDate "2010.10.30"]

1. d4 Nf6 2. Nf3 c5 3. c3 Qc7 4. g3 g6 5. Bg2 Bg7 6. Bf4 d6 7. dxc5 Qxc5 8. Qb3
O-O 9. Be3 Qc7 10. Nd4 Nc6 11. Nb5 Qd8 12. N1a3 Be6 13. Qd1 Ng4 14. Bf4 Qb6 15.
O-O a6 16. h3 Nxf2 17. Rxf2 axb5 18. Qd3 b4 19. Be3 Qa6 20. Qxa6 Rxa6 21. Nb5
bxc3 22. bxc3 Bc4 23. Nc7 Ra3 24. Rb1 Rxc3 25. Bd2 Rc2 26. Be3 Nd4 27. Rxb7 Nf5
28. Ba7 Rxa2 29. g4 Ra1+ 30. Bf1 Ng3 31. Kg2 Be5 32. Be3 Re1 33. Bd2 Rd1 34.
Bg5 Bf6 35. Be3 Rc8 36. Bb6 Ne4 37. Rf3 Nd2 38. Rf2 Rb1 39. h4 h6 40. g5 hxg5
0-1

[Event "XVI Autunno Scacchistico A"]
[Site "Venezia ITA"]
[Date "2010.10.30"]
[Round "1"]
[White "Pozzobon, Davide"]
[Black "Tomio, Dante"]
[Result "1/2-1/2"]
[WhiteElo "1805"]
[BlackElo "1949"]
[PlyCount "55"]
[EventDate "2010.10.30"]

1. e4 c5 2. Nf3 d6 3. d4 cxd4 4. Nxd4 Nf6 5. Nc3 e6 6. Bc4 a6 7. Be3 Be7 8. f3
Nc6 9. Qd2 Qc7 10. Bb3 O-O 11. O-O-O b5 12. g4 Nxd4 13. Bxd4 Bb7 14. h4 Nd7 15.
h5 Nc5 16. g5 Nxb3+ 17. axb3 b4 18. Na4 Rfc8 19. g6 Bg5 20. gxf7+ Kxf7 21. f4
Bh6 22. Nb6 Bxe4 23. Rh2 Bxc2 24. Nxa8 Qa5 25. Qxc2 Bxf4+ 26. Kb1 Rxc2 27. Rxc2
Qf5 28. Rg1 1/2-1/2

[Event "XVI Autunno Scacchistico A"]
[Site "Venezia ITA"]
[Date "2010.10.30"]
[Round "1"]
[White "Rorato, Renzo"]
[Black "Zamengo, Bruno"]
[Result "1-0"]
[WhiteElo "2053"]
[BlackElo "1841"]
[PlyCount "61"]
[EventDate "2010.10.30"]

1. Nf3 g6 2. c4 Bg7 3. Nc3 e5 4. d4 exd4 5. Nxd4 Ne7 6. Bg5 c6 7. e4 O-O 8. Be2
Re8 9. O-O Qa5 10. Be3 Na6 11. a3 Qd8 12. Qd2 d5 13. Rad1 dxe4 14. Nxe4 Nc7 15.
Qc1 Bd7 16. Nd6 b6 17. Nxe8 Qxe8 18. Bf3 Rc8 19. Rfe1 c5 20. Ne2 Bc6 21. Bxc6
Qxc6 22. Ng3 Ne6 23. Bd2 Qb7 24. Bc3 Nd4 25. Qf4 Nec6 26. Ne4 Be5 27. Nf6+ Bxf6
28. Qxf6 Qa6 29. Re4 Qxc4 30. Rde1 Rf8 31. Re8 1-0

[Event "XVI Autunno Scacchistico A"]
[Site "Venezia ITA"]
[Date "2010.10.30"]
[Round "1"]
[White "Rossi, Gianni"]
[Black "Rorato, Giovanni Riccardo"]
[Result "1/2-1/2"]
[WhiteElo "1859"]
[BlackElo "2062"]
[PlyCount "61"]
[EventDate "2010.10.30"]

1. d4 d5 2. e4 e6 3. Nc3 Nf6 4. Bg5 Be7 5. e5 Nfd7 6. h4 Bxg5 7. hxg5 Qxg5 8.
Nh3 Qe7 9. Qg4 g6 10. O-O-O Nc6 11. Ng5 h5 12. Qg3 Nb6 13. Bd3 Bd7 14. Nxf7 Rf8
15. Nb5 Rxf7 16. Nxc7+ Kd8 17. Nxa8 Nxa8 18. Bxg6 Rg7 19. Rxh5 Nb6 20. c3 Kc7
21. Qd3 Na5 22. Rdh1 Nac4 23. f4 Na4 24. Rh7 Naxb2 25. Qc2 Ba4 26. Rxg7 Qxg7
27. Rh7 Qxh7 28. Bxh7 Bxc2 29. Kxc2 Kd8 30. g4 Na4 31. Kd3 1/2-1/2

[Event "XVI Autunno Scacchistico A"]
[Site "Venezia ITA"]
[Date "2010.10.30"]
[Round "1"]
[White "Velluti, Alberto"]
[Black "Maffeo, Mauro"]
[Result "0-1"]
[WhiteElo "1944"]
[BlackElo "1802"]
[PlyCount "62"]
[EventDate "2010.10.30"]

1. e4 e6 2. d4 d5 3. Nc3 Nf6 4. e5 Nfd7 5. Qh5 a6 6. Nf3 g6 7. Qg4 c5 8. Be3
Nc6 9. O-O-O cxd4 10. Bxd4 Bg7 11. Qf4 Nxd4 12. Qxd4 Qc7 13. Re1 b5 14. h4 Qc5
15. Qxc5 Nxc5 16. Nd4 Bd7 17. a3 Rc8 18. h5 Ke7 19. h6 Bf8 20. g4 f5 21. f3 Kf7
22. g5 Be7 23. Rg1 Rc7 24. Be2 Rhc8 25. Bd1 Rb8 26. f4 b4 27. axb4 Rxb4 28.
Nde2 d4 29. Na2 Nd3+ 30. Kb1 Rxb2+ 31. Ka1 Rcb7 0-1

[Event "XVI Autunno Scacchistico A"]
[Site "Venezia ITA"]
[Date "2010.10.30"]
[Round "1"]
[White "Xia, Jie"]
[Black "Caldonazzo, Matteo"]
[Result "1-0"]
[WhiteElo "2184"]
[BlackElo "1910"]
[PlyCount "65"]
[EventDate "2010.10.30"]

1. e4 e6 2. d3 d5 3. Nd2 Nf6 4. Ngf3 Be7 5. g3 c5 6. Bg2 O-O 7. O-O b6 8. Re1
Bb7 9. c3 Qc7 10. e5 Nfd7 11. Nf1 Nc6 12. Bf4 Rac8 13. h4 d4 14. c4 a6 15. h5
b5 16. h6 g5 17. Nxg5 Bxg5 18. Qg4 Kh8 19. Qxg5 Rg8 20. Qh5 Nb4 21. Rad1 Bxg2
22. Kxg2 bxc4 23. dxc4 Qb7+ 24. Kg1 Nc2 25. Re2 d3 26. Rxd3 Nd4 27. Ree3 Nc2
28. Qxf7 Nxe3 29. Bxe3 Rcd8 30. Rxd7 Rxd7 31. Qf6+ Rgg7 32. hxg7+ Rxg7 33. Bh6
1-0

[Event "XVI Autunno Scacchistico A"]
[Site "Venezia ITA"]
[Date "2010.10.31"]
[Round "2"]
[White "Battagin, Mose'"]
[Black "Campagnola, Giacomo"]
[Result "0-1"]
[WhiteElo "1924"]
[BlackElo "1852"]
[PlyCount "68"]
[EventDate "2010.10.30"]

1. e4 c5 2. Nf3 d6 3. c3 e6 4. d4 cxd4 5. cxd4 Nf6 6. Nc3 Be7 7. Bd3 Nc6 8. O-O
O-O 9. Qe2 a6 10. Rd1 b5 11. e5 dxe5 12. dxe5 Nd5 13. Qe4 g6 14. Bh6 Re8 15.
Nxd5 exd5 16. Qf4 Qc7 17. Rac1 Bb7 18. Re1 Bf8 19. Bxf8 Rxf8 20. Qh6 f6 21. Nd4
fxe5 22. Ne6 Qf7 23. Nxf8 Rxf8 24. Rf1 e4 25. Be2 d4 26. a4 d3 27. Bd1 bxa4 28.
Bxa4 Nd4 29. Kh1 Ne2 30. Rce1 Nf4 31. Re3 Qc4 32. Bd1 Qd4 33. Bb3+ Bd5 34.
Bxd5+ Qxd5 0-1

[Event "XVI Autunno Scacchistico A"]
[Site "Venezia ITA"]
[Date "2010.10.31"]
[Round "2"]
[White "Bianchi, Andrea"]
[Black "Di Lascio, Savino"]
[Result "1-0"]
[WhiteElo "2148"]
[BlackElo "1921"]
[PlyCount "53"]
[EventDate "2010.10.30"]

1. e4 c6 2. d4 d5 3. Nd2 dxe4 4. Nxe4 Nf6 5. Nxf6+ gxf6 6. Bc4 Bf5 7. c3 Nd7 8.
Ne2 Nb6 9. Bb3 h5 10. Nf4 Qd7 11. h3 h4 12. O-O O-O-O 13. Qe2 Rh7 14. Re1 e6
15. Bc2 e5 16. dxe5 fxe5 17. Rd1 Nd5 18. Nxd5 cxd5 19. Rxd5 Qxd5 20. Bxf5+ Kb8
21. Bxh7 Qd1+ 22. Qf1 Qh5 23. Bc2 f5 24. Qb5 Bd6 25. Be3 Rg8 26. Qd5 Qg6 27.
Bxf5 1-0